000 00558nam a2200169 i 4500
001 149256
003 ES-MaACL
005 20230906203021.0
007 t|
008 071019s1908 sp ||||1| spa d
100 1 _aVelasco Pajares, Ramón.
_9113770
245 1 3 _aEl concepto actual de la geografía
_b: tesis doctoral /
_cpor Ramón Velasco Pajares.
260 _aMadrid :
_bVictoriano Suárez,
_c1908.
300 _a39 p. ;
_c20 cm.
500 _aPrecede al tít.: Universidad Central. Facultad de Filosofía y Letras.
852 _aES-MaACL
_jT-416-F-4
999 _c149256
_d149256